[Event "XIX Weekend A"]
[Site "Ceriano Laghetto ITA"]
[Date "2010.03.??"]
[Round "5"]
[White "Rambaldi, Francesco"]
[Black "Bozzali, Ermanno"]
[Result "0-1"]
[WhiteElo "1952"]
[BlackElo "2114"]
[PlyCount "62"]
[EventDate "2010.03.26"]

1. c4 f5 2. Nc3 Nf6 3. g3 e5 4. e3 d5 5. cxd5 Nxd5 6. d3 c6 7. Bg2 Nb4 8. Bf1
Be6 9. a3 Nd5 10. Bg2 Nd7 11. Nf3 Be7 12. O-O O-O 13. Qc2 Qe8 14. Bd2 Qh5 15.
Ne2 Rad8 16. b4 g5 17. h3 g4 18. hxg4 fxg4 19. Nh2 Bg5 20. Rfd1 Rf6 21. e4 N5b6
22. Be1 Rdf8 23. a4 Qf7 24. Rab1 h5 25. Rb2 Nc8 26. d4 Ne7 27. b5 h4 28. Qc3 h3
29. Bh1 Rxf2 30. Nc1 Rxb2 31. Qxb2 Be3+ 0-1

[Event "XIX Weekend A"]
[Site "Ceriano Laghetto ITA"]
[Date "2010.03.??"]
[Round "5"]
[White "Rota, Simone"]
[Black "D'Alessio, Angelo"]
[Result "1/2-1/2"]
[WhiteElo "2041"]
[BlackElo "2031"]
[PlyCount "63"]
[EventDate "2010.03.26"]

1. d4 Nf6 2. Nf3 e6 3. c4 d5 4. e3 c6 5. Nc3 Nbd7 6. Qc2 Bd6 7. Be2 O-O 8. O-O
a6 9. b3 b5 10. e4 dxe4 11. Nxe4 Nxe4 12. Qxe4 Bb7 13. c5 Bc7 14. Bg5 Qe8 15.
Bd2 e5 16. dxe5 Nxe5 17. Bc3 Ng6 18. Qc2 Rd8 19. Rfe1 Qd7 20. Rad1 Qe7 21. b4
Rxd1 22. Rxd1 Bc8 23. Re1 Be6 24. Qb2 Re8 25. Bd1 Qd7 26. Bxg7 Bd5 27. Rxe8+
Qxe8 28. Bh6 Ne5 29. Qd2 f6 30. Nh4 Ng6 31. Nf3 Ne5 32. Nh4 1/2-1/2

[Event "XIX Weekend A"]
[Site "Ceriano Laghetto ITA"]
[Date "2010.03.??"]
[Round "5"]
[White "Salvador, Roland"]
[Black "Angelini, Marco"]
[Result "1-0"]
[WhiteElo "2483"]
[BlackElo "2046"]
[PlyCount "43"]
[EventDate "2010.03.26"]

1. d4 Nf6 2. Nf3 g6 3. c4 Bg7 4. Nc3 d5 5. cxd5 Nxd5 6. e4 Nxc3 7. bxc3 c5 8.
Rb1 O-O 9. Be2 Qa5 10. O-O cxd4 11. cxd4 Qxa2 12. Bg5 Qa3 13. Rb3 Qd6 14. e5
Qc7 15. Qb1 Nc6 16. Rc1 Qd7 17. Qe4 e6 18. Qh4 a5 19. Bf6 a4 20. Ng5 h6 21. Rh3
Nxd4 22. Qxh6 1-0

[Event "XIX Weekend B"]
[Site "Ceriano Laghetto ITA"]
[Date "2010.03.??"]
[Round "1"]
[White "Adami, Antonio"]
[Black "Mansueti, Marco"]
[Result "1-0"]
[WhiteElo "1675"]
[BlackElo "1860"]
[PlyCount "45"]
[EventDate "2010.03.26"]

1. e4 c5 2. Nc3 Nc6 3. g3 Nf6 4. Bg2 d6 5. h3 e5 6. d3 Be6 7. Be3 Qd7 8. Nge2
g6 9. Qd2 Rb8 10. Bh6 b5 11. Bxf8 Rxf8 12. Nd5 Bxd5 13. exd5 Ne7 14. c4 Qb7 15.
b3 b4 16. O-O Kd7 17. f4 exf4 18. Qxf4 Ne8 19. Qh6 Rh8 20. Rxf7 Qc8 21. Nf4 Nc7
22. Rxe7+ Kxe7 23. Qg7+ 1-0

[Event "XIX Weekend B"]
[Site "Ceriano Laghetto ITA"]
[Date "2010.03.??"]
[Round "1"]
[White "Bertamini, Alberto"]
[Black "Palminteri, Vincenzo"]
[Result "0-1"]
[WhiteElo "1697"]
[BlackElo "1872"]
[PlyCount "66"]
[EventDate "2010.03.26"]

1. d4 d6 2. c4 e5 3. d5 f5 4. Nc3 Nf6 5. Bg5 Be7 6. Bxf6 Bxf6 7. e4 O-O 8. Bd3
f4 9. Qb3 Na6 10. Qc2 Nc5 11. Be2 a6 12. b4 Nd7 13. g4 fxg3 14. hxg3 Bg5 15. f4
Bh6 16. f5 Qg5 17. g4 Nf6 18. Nh3 Qe3 19. Rd1 Qg3+ 20. Nf2 Be3 21. Rf1 Bxf2+
22. Rxf2 Nxg4 23. Bxg4 Qxg4 24. Rg2 Qh4+ 25. Kd2 Qf4+ 26. Ke2 Bxf5 27. exf5
Rxf5 28. Qe4 Raf8 29. Rdg1 g6 30. Kd1 Qh6 31. Re2 Rf4 32. Qd3 Rd4 33. Qxd4 exd4
0-1

[Event "XIX Weekend B"]
[Site "Ceriano Laghetto ITA"]
[Date "2010.03.??"]
[Round "1"]
[White "Biava, Pierluigi"]
[Black "Marchesotti, Giovanni"]
[Result "1-0"]
[WhiteElo "1792"]
[BlackElo "1619"]
[PlyCount "63"]
[EventDate "2010.03.26"]

1. e4 c5 2. Nf3 e6 3. Nc3 a6 4. d4 cxd4 5. Nxd4 Qc7 6. Bd3 b5 7. O-O Nf6 8. Qe2
d6 9. Be3 Be7 10. f4 O-O 11. Rae1 Bb7 12. g4 b4 13. g5 bxc3 14. gxf6 Bxf6 15.
bxc3 Nc6 16. Rf3 Bxd4 17. cxd4 Nb4 18. Rh3 g6 19. Rg3 Nxd3 20. cxd3 f5 21. Rc1
Qd7 22. h4 Kf7 23. h5 Rac8 24. hxg6+ hxg6 25. Rh3 Rxc1+ 26. Bxc1 Qc6 27. Ba3
fxe4 28. dxe4 Qxe4 29. Qxe4 Bxe4 30. Bxd6 Rd8 31. Be5 Kg8 32. Rh8+ 1-0

[Event "XIX Weekend B"]
[Site "Ceriano Laghetto ITA"]
[Date "2010.03.??"]
[Round "1"]
[White "Carbone, Lorenzo"]
[Black "Cardani, Roberto"]
[Result "0-1"]
[WhiteElo "1743"]
[BlackElo "1995"]
[PlyCount "76"]
[EventDate "2010.03.26"]

1. e4 c5 2. Nf3 d6 3. d4 cxd4 4. Nxd4 Nf6 5. Nc3 a6 6. Be2 e5 7. Nb3 Be7 8. Be3
O-O 9. O-O Be6 10. Kh1 Nc6 11. f4 exf4 12. Bxf4 Rc8 13. a3 Ne5 14. Nd2 Qb6 15.
Na4 Qc6 16. Nc3 Rfd8 17. Qe1 Ng6 18. Be3 Nd7 19. Nf3 Nde5 20. Nd4 Qc7 21. Nxe6
fxe6 22. Qd2 Nc4 23. Bxc4 Qxc4 24. Bg5 Rf8 25. Rf3 Bxg5 26. Qxg5 Ne5 27. Rxf8+
Rxf8 28. h3 Nc6 29. Qd2 Nd4 30. Rd1 e5 31. Rc1 Rf4 32. Kg1 Qf7 33. Qd3 Qg6 34.
Kh2 h5 35. Qg3 Qf7 36. Qe3 h4 37. Kg1 Qg6 38. Qe1 Nf3+ 0-1

[Event "XIX Weekend B"]
[Site "Ceriano Laghetto ITA"]
[Date "2010.03.??"]
[Round "1"]
[White "Clerici, Samuele"]
[Black "Lamera, Giuseppe"]
[Result "1-0"]
[WhiteElo "1782"]
[BlackElo "1432"]
[PlyCount "45"]
[EventDate "2010.03.26"]

1. e4 d6 2. d4 Nf6 3. Nc3 c6 4. Bg5 Nbd7 5. f4 Qa5 6. Qd2 h6 7. Bh4 e5 8. dxe5
dxe5 9. f5 Bb4 10. Bd3 Qb6 11. Nf3 Ng4 12. O-O-O Qe3 13. Rde1 Qxd2+ 14. Kxd2
Ngf6 15. Bxf6 gxf6 16. a3 Bd6 17. Kc1 Nb6 18. Nd2 Bd7 19. Nc4 Nxc4 20. Bxc4 Be7
21. Rd1 Rd8 22. Rd3 h5 23. Rhd1 1-0

[Event "XIX Weekend B"]
[Site "Ceriano Laghetto ITA"]
[Date "2010.03.??"]
[Round "1"]
[White "Colombo, Luca"]
[Black "Campesato, Adriano"]
[Result "1-0"]
[WhiteElo "1904"]
[BlackElo "1706"]
[PlyCount "95"]
[EventDate "2010.03.26"]

1. e4 c5 2. Nc3 Nc6 3. g3 g6 4. d3 Bg7 5. Be3 d6 6. Bg2 Nf6 7. h3 a6 8. Qd2 Rb8
9. Bh6 Kf8 10. Nge2 Ng8 11. Bxg7+ Kxg7 12. Nd5 e5 13. O-O Nf6 14. Ndc3 h6 15.
f4 Bd7 16. g4 Nh7 17. Ng3 Nd4 18. f5 Qh4 19. Qf2 Qg5 20. fxg6 Qxg6 21. Nd5 Rbe8
22. Ne3 Rhf8 23. c3 Nb5 24. Nef5+ Bxf5 25. exf5 Qg5 26. Bxb7 a5 27. f6+ Kh8 28.
a4 Nc7 29. Ne4 Qg6 30. Nxd6 Re6 31. Be4 Qg5 32. Qxc5 Ne8 33. Nxe8 Rfxe8 34. Bd5
Rxf6 35. Rxf6 Nxf6 36. Rf1 Nxd5 37. Qxd5 Qe3+ 38. Kg2 f5 39. Rxf5 Qd2+ 40. Rf2
Qg5 41. Qc6 Rd8 42. Qf6+ Qxf6 43. Rxf6 Kg7 44. Rf3 Rb8 45. Rf2 Rd8 46. Rd2 e4
47. d4 Kg6 48. Kg3 1-0

[Event "XIX Weekend B"]
[Site "Ceriano Laghetto ITA"]
[Date "2010.03.??"]
[Round "1"]
[White "Galimberti, Maurizio"]
[Black "Rossi, Giampiero"]
[Result "0-1"]
[WhiteElo "1716"]
[BlackElo "1914"]
[PlyCount "119"]
[EventDate "2010.03.26"]

1. f4 Nf6 2. Nf3 g6 3. g3 Bg7 4. Bg2 O-O 5. O-O d6 6. d3 c5 7. c4 Nc6 8. e4 Bg4
9. Nbd2 Qd7 10. Nb3 a5 11. a4 Bh3 12. Bd2 Bxg2 13. Kxg2 b6 14. Bc3 Ng4 15. Qe1
Bxc3 16. bxc3 f6 17. h3 Nh6 18. Nc1 Nf7 19. Ne2 Rab8 20. Qd2 Rb7 21. Kh2 Kg7
22. Qb2 e6 23. Qc2 d5 24. Rfd1 Rd8 25. d4 dxe4 26. Qxe4 Nd6 27. Qc2 Nxc4 28.
dxc5 Qe7 29. Rxd8 Qxd8 30. Qe4 Qd5 31. Qxd5 exd5 32. Rb1 Re7 33. Ned4 Nxd4 34.
cxd4 bxc5 35. dxc5 Re2+ 36. Kg1 Kf7 37. Rb7+ Re7 38. c6 Nd6 39. c7 Nc8 40. Nd4
Ke8 41. Nc6 Re1+ 42. Kf2 Rc1 43. Nxa5 Kd7 44. Nb3 Rxc7 45. Rb5 Kd6 46. a5 Rc2+
47. Kf3 Rc3+ 48. Kf2 Rc2+ 49. Kf3 Ra2 50. Nd4 Ra3+ 51. Kf2 Ra4 52. Nf3 Kc6 53.
Rb1 Nd6 54. Rb6+ Kc5 55. Nd2 Ra2 56. Ke3 Rxa5 57. Rb2 Ra3+ 58. Kf2 Ne4+ 59.
Nxe4+ dxe4 60. Rd2 0-1

[Event "XIX Weekend B"]
[Site "Ceriano Laghetto ITA"]
[Date "2010.03.??"]
[Round "1"]
[White "Giannotti, Salvatore"]
[Black "Veri', Giustino"]
[Result "1-0"]
[WhiteElo "1805"]
[BlackElo "1646"]
[PlyCount "87"]
[EventDate "2010.03.26"]

1. d4 Nf6 2. Nf3 g6 3. Nbd2 d5 4. e3 Bg7 5. c4 c6 6. Bd3 O-O 7. O-O Bg4 8. h3
Bxf3 9. Nxf3 Nbd7 10. Qc2 Rc8 11. b3 Re8 12. Bb2 e6 13. Rfd1 c5 14. Rac1 cxd4
15. exd4 Nb8 16. Ne5 Bh6 17. Rb1 Nc6 18. Nxc6 Rxc6 19. Qe2 Nh5 20. Qf3 Qf6 21.
Qxf6 Nxf6 22. cxd5 Nxd5 23. Bb5 Rec8 24. Bxc6 Rxc6 25. Bc1 Bg7 26. Bd2 Bxd4 27.
Rbc1 Nc3 28. Bxc3 Bxc3 29. Rd7 b5 30. Rxa7 b4 31. a3 Rb6 32. axb4 Bxb4 33. Rc8+
Kg7 34. Rcc7 Bd2 35. Rxf7+ Kh6 36. Rxh7+ Kg5 37. Rad7 Bc3 38. Rdf7 e5 39. f3
Be1 40. Rb7 Rc6 41. Rbc7 Ra6 42. Rc1 Bd2 43. Rc2 Bf4 44. Kf2 1-0

[Event "XIX Weekend B"]
[Site "Ceriano Laghetto ITA"]
[Date "2010.03.??"]
[Round "1"]
[White "Giovarruscio, Gabriele"]
[Black "Guzzetti, Luigi Enrico"]
[Result "0-1"]
[WhiteElo "1703"]
[BlackElo "1879"]
[PlyCount "73"]
[EventDate "2010.03.26"]

1. d4 Nf6 2. Nf3 g6 3. Bf4 Bg7 4. e3 O-O 5. Be2 d6 6. O-O Nbd7 7. Nbd2 c5 8. c3
a6 9. a4 b6 10. Re1 Bb7 11. Rc1 Rc8 12. h3 Re8 13. Bg5 Qc7 14. e4 e6 15. Bf1
Qb8 16. Qb3 d5 17. Bxf6 Nxf6 18. Qxb6 dxe4 19. Ne5 Nd5 20. Qb3 f5 21. Nd7 Qc7
22. Nxc5 Rb8 23. Qa2 Bh6 24. b4 e3 25. fxe3 Bxe3+ 26. Rxe3 Nxe3 27. Nxe6 Qf7
28. Re1 Rxe6 29. Bd3 Kg7 30. Nf1 Rbe8 31. c4 Nxf1 32. Rxf1 Qe7 33. Qb2 Re3 34.
d5+ Qf6 35. Qd2 Qd4 36. Qf2 Rxd3 37. Qxd4+ 0-1

[Event "XIX Weekend B"]
[Site "Ceriano Laghetto ITA"]
[Date "2010.03.??"]
[Round "1"]
[White "Martelli, Tommaso"]
[Black "Schingaro, Angelo"]
[Result "0-1"]
[WhiteElo "1875"]
[BlackElo "1700"]
[PlyCount "98"]
[EventDate "2010.03.26"]

1. e4 c5 2. Nf3 d6 3. d4 cxd4 4. Nxd4 Nf6 5. Nc3 a6 6. Be2 e5 7. Nb3 Be7 8. Be3
Be6 9. Nd5 Bxd5 10. exd5 Nbd7 11. O-O O-O 12. c4 Qc7 13. Rc1 Ne4 14. Qc2 Nec5
15. Nxc5 dxc5 16. Bd3 g6 17. f4 exf4 18. Bxf4 Bd6 19. Qd2 Bxf4 20. Rxf4 Rae8
21. Rcf1 Ne5 22. Be2 f5 23. Bd1 Qd6 24. Rh4 Qf6 25. Qh6 Qg7 26. Qxg7+ Kxg7 27.
Rhf4 Nd3 28. R4f3 Nxb2 29. Rb3 Nxd1 30. Rxb7+ Rf7 31. Rxf7+ Kxf7 32. Rxd1 Re4
33. Rc1 Ke7 34. Kf2 Kd6 35. Kf3 h5 36. Rc2 g5 37. h3 g4+ 38. hxg4 hxg4+ 39. Kf2
f4 40. Rc1 a5 41. a4 Re3 42. Re1 g3+ 43. Kf1 Ra3 44. Re4 Rxa4 45. Rxf4 Ra1+ 46.
Ke2 Ra2+ 47. Kf3 Rf2+ 48. Kxg3 Rxf4 49. Kxf4 a4 0-1

[Event "XIX Weekend B"]
[Site "Ceriano Laghetto ITA"]
[Date "2010.03.??"]
[Round "1"]
[White "Moroni, Luca jr"]
[Black "Squillante, Michele"]
[Result "1-0"]
[WhiteElo "1640"]
[BlackElo "1801"]
[PlyCount "91"]
[EventDate "2010.03.26"]

1. e4 c6 2. d4 d5 3. exd5 cxd5 4. Bf4 e6 5. Nf3 Nf6 6. Bd3 h6 7. O-O Bd6 8.
Bxd6 Qxd6 9. Nc3 a6 10. Qd2 O-O 11. Rfe1 Nbd7 12. Ne5 b6 13. Re3 Kh8 14. Rae1
Ng8 15. Ne2 Nxe5 16. Rxe5 a5 17. c3 Ba6 18. Bxa6 Rxa6 19. Qd3 Raa8 20. g3 Nf6
21. Nf4 Rae8 22. f3 Kg8 23. Qb5 Qd8 24. a4 Qc7 25. Nxd5 Nxd5 26. Rxd5 Rd8 27.
Rxd8 Rxd8 28. Qe5 Qc6 29. Qb5 Qc7 30. Re5 Rc8 31. Kf2 Qc4 32. Qxc4 Rxc4 33. Rb5
Rc6 34. Ke3 Kf8 35. Kd3 Ke7 36. d5 Rd6 37. Ke4 Kd7 38. b4 axb4 39. cxb4 Kc7 40.
a5 bxa5 41. Rxa5 Kb7 42. Rb5+ Ka7 43. Ke5 Ra6 44. Ra5 f6+ 45. Kd4 e5+ 46. Ke4
1-0

[Event "XIX Weekend B"]
[Site "Ceriano Laghetto ITA"]
[Date "2010.03.??"]
[Round "1"]
[White "Regorda, Vittorio"]
[Black "Raineri, Pieroberto"]
[Result "1-0"]
[WhiteElo "1865"]
[BlackElo "1685"]
[PlyCount "111"]
[EventDate "2010.03.26"]

1. d4 Nf6 2. Nf3 g6 3. Nc3 d5 4. Bg5 Bg7 5. h3 O-O 6. Qd2 Ne4 7. Qc1 Nxg5 8.
Qxg5 c6 9. O-O-O b5 10. Qh4 a5 11. Ng5 h6 12. Nf3 Na6 13. Ne5 Qd6 14. f4 a4 15.
e3 Bf5 16. g4 Be4 17. Nxe4 dxe4 18. Be2 Nb4 19. Kb1 Nd5 20. Qf2 a3 21. c4 Qb4
22. b3 Nc3+ 23. Kc2 Nxa2 24. Qe1 Qxe1 25. Rhxe1 Bxe5 26. fxe5 b4 27. Ra1 Nc3
28. c5 g5 29. Bc4 e6 30. Rf1 Kg7 31. Rf6 a2 32. Kb2 Ra7 33. Raf1 Rfa8 34. Ka1
Nb1 35. R6f2 Nc3 36. Rh1 Rh8 37. h4 gxh4 38. Rhh2 Kg6 39. Rxh4 Raa8 40. Rh5 Nb1
41. Rfh2 Na3 42. Bf1 Nb1 43. g5 Nd2 44. Bc4 Nf3 45. Rxh6+ Rxh6 46. Rxh6+ Kxg5
47. Rf6 Ra7 48. Be2 Nd2 49. Bd1 Ra3 50. Rf4 Rxb3 51. Bxb3 Nxb3+ 52. Kxa2 Nxd4
53. Rxf7 Nf5 54. Kb3 Nxe3 55. Kxb4 Nc2+ 56. Kc4 1-0

[Event "XIX Weekend B"]
[Site "Ceriano Laghetto ITA"]
[Date "2010.03.??"]
[Round "1"]
[White "Veronelli, Franco"]
[Black "Origgio, Stefano"]
[Result "1/2-1/2"]
[WhiteElo "1819"]
[BlackElo "1668"]
[PlyCount "152"]
[EventDate "2010.03.26"]

1. e4 e5 2. Nf3 Nc6 3. d4 exd4 4. Bc4 Nf6 5. O-O Nxe4 6. Re1 d5 7. Bxd5 Qxd5 8.
Nc3 Qh5 9. Nxe4 Be6 10. Bg5 Bb4 11. c3 dxc3 12. bxc3 Ba5 13. Qd2 Bb6 14. Ng3
Qg4 15. Re4 Qxe4 16. Nxe4 O-O 17. Rd1 f6 18. Be3 Rad8 19. Qe1 Bxa2 20. Bxb6
axb6 21. Rxd8 Rxd8 22. h3 Kf8 23. Qe3 Ne7 24. Qf4 Rd1+ 25. Kh2 Bd5 26. Ned2 c5
27. Qb8+ Kf7 28. Qa7 Rc1 29. c4 Bxf3 30. Nxf3 Rxc4 31. Qxb6 Rc1 32. Qxb7 c4 33.
Qb2 Rf1 34. Qc2 Kf8 35. Qxc4 Rxf2 36. Qh4 Rb2 37. Qxh7 Nd5 38. Nh4 Nf4 39. Ng6+
Nxg6 40. Qxg6 Ra2 41. Qd3 Rb2 42. Qd8+ Kf7 43. Qd5+ Kf8 44. Qa8+ Kf7 45. Qa3
Re2 46. Qb3+ Kf8 47. Qc4 Rb2 48. h4 Ke7 49. Qe4+ Kf7 50. h5 Kf8 51. Qh7 Rb5 52.
g4 Rg5 53. Kh3 Re5 54. Qd3 Ke7 55. Kh4 Kf7 56. Kg3 Rg5 57. Qd7+ Kf8 58. Qd8+
Kf7 59. Qh8 Re5 60. h6 gxh6 61. Qxh6 Rg5 62. Kf4 Re5 63. Qh7+ Kf8 64. Qc7 Rg5
65. Qd7 Re5 66. Qd6+ Kf7 67. Qd8 Rg5 68. Qd3 Kg7 69. Qd7+ Kf8 70. Qe6 Kg7 71.
Qe7+ Kg6 72. Qf8 Ra5 73. Qg8+ Kh6 74. Qf7 Ra6 75. Kf5 Ra5+ 76. Kxf6 Rf5+
1/2-1/2

[Event "XIX Weekend B"]
[Site "Ceriano Laghetto ITA"]
[Date "2010.03.??"]
[Round "1"]
[White "Zampar, Andrea"]
[Black "Lanni, Vincenzo"]
[Result "1-0"]
[WhiteElo "1658"]
[BlackElo "1818"]
[PlyCount "57"]
[EventDate "2010.03.26"]

1. d4 g6 2. c4 Bg7 3. Nc3 d6 4. e4 Nf6 5. Nf3 O-O 6. Be2 c5 7. d5 a6 8. a4 Bg4
9. Bd2 Nbd7 10. O-O Qc7 11. Qc2 Rab8 12. Rab1 b6 13. Be3 Rfe8 14. Qd2 Rf8 15.
Bh6 Rbd8 16. Bxg7 Kxg7 17. Ng5 Bxe2 18. Qxe2 h6 19. Nh3 Nh7 20. f4 Rg8 21. b3
Rgf8 22. Rf3 g5 23. Qb2 f6 24. Rg3 Kf7 25. Qe2 Kg7 26. Qh5 Rb8 27. f5 Ne5 28.
Nf4 Qc8 29. Ne6+ 1-0

[Event "XIX Weekend B"]
[Site "Ceriano Laghetto ITA"]
[Date "2010.03.??"]
[Round "2"]
[White "Campesato, Adriano"]
[Black "Donghi, Fabio"]
[Result "1-0"]
[WhiteElo "1706"]
[BlackElo "1600"]
[PlyCount "101"]
[EventDate "2010.03.26"]

1. d4 Nf6 2. Nf3 e6 3. g3 g6 4. Bg2 Bg7 5. O-O O-O 6. Bg5 h6 7. Bf4 d6 8. c3
Nd5 9. Bd2 Nd7 10. Qc1 Kh7 11. e4 N5f6 12. Re1 e5 13. Qc2 Rh8 14. h3 Nb6 15.
Na3 Qe7 16. d5 Bd7 17. Rad1 g5 18. Nh2 Rag8 19. c4 Rc8 20. b3 Qe8 21. Qd3 Nh5
22. Qf3 f6 23. Nc2 Rf8 24. Ne3 Bh8 25. Nf5 Ng7 26. g4 Bxf5 27. gxf5 Qh5 28. Qg3
Qf7 29. Bf3 Nh5 30. Bxh5 Qxh5 31. Ng4 Qh4 32. Qxh4 gxh4 33. Bxh6 Rg8 34. Be3
Rg7 35. Kh2 Rg5 36. Bxg5 fxg5 37. Rg1 Rg8 38. Rg2 Nd7 39. f3 Nf6 40. Nxf6+ Bxf6
41. Rc1 b6 42. b4 Be7 43. b5 a5 44. bxa6 Ra8 45. a4 Rxa6 46. Ra2 Ra5 47. Rcc2
Kg7 48. Kg2 Kf6 49. Kf2 Bf8 50. Ke3 Bh6 51. Kd3 1-0

[Event "XIX Weekend B"]
[Site "Ceriano Laghetto ITA"]
[Date "2010.03.??"]
[Round "2"]
[White "Cardani, Roberto"]
[Black "Giannotti, Salvatore"]
[Result "1-0"]
[WhiteElo "1995"]
[BlackElo "1805"]
[PlyCount "105"]
[EventDate "2010.03.26"]

1. e4 d6 2. d4 Nf6 3. Nc3 Nbd7 4. Nf3 e5 5. Bc4 h6 6. O-O c6 7. a4 Qc7 8. h3
Be7 9. Ba2 Nf8 10. Be3 Rg8 11. Nh2 g5 12. Ng4 Nxg4 13. hxg4 Ng6 14. g3 Qd7 15.
f3 exd4 16. Bxd4 Ne5 17. Kf2 Rg6 18. Qe2 Bf8 19. Rad1 Qc7 20. Kg2 b6 21. Rd2 a5
22. Nd1 Ba6 23. c4 Bg7 24. Ne3 Bc8 25. Nf5 Bf8 26. Rfd1 Bxf5 27. exf5 Rg8 28.
Qe3 c5 29. Bc3 Be7 30. b3 O-O-O 31. Bb1 Rge8 32. Be4 Bf6 33. Bb2 Qe7 34. Bxe5
Bxe5 35. Bc6 Rf8 36. f4 gxf4 37. gxf4 Bf6 38. Qxe7 Bxe7 39. f6 Bxf6 40. Rxd6
Bd4 41. Rxh6 Kc7 42. Bd5 Rd6 43. Rh7 Rd7 44. Kf3 Re7 45. Rd3 Kd7 46. g5 Rh8 47.
Rxh8 Bxh8 48. Bxf7+ Kc7 49. g6 Re1 50. f5 Rf1+ 51. Ke4 Bd4 52. Rxd4 cxd4 53.
Kxd4 1-0

[Event "XIX Weekend B"]
[Site "Ceriano Laghetto ITA"]
[Date "2010.03.??"]
[Round "2"]
[White "Cervini, Gian Piero"]
[Black "Scali, Fausto"]
[Result "0-1"]
[WhiteElo "1788"]
[BlackElo "1999"]
[PlyCount "92"]
[EventDate "2010.03.26"]

1. e4 c5 2. c3 Nf6 3. e5 Nd5 4. Nf3 e6 5. d4 cxd4 6. cxd4 Be7 7. Bd3 O-O 8. O-O
Nc6 9. Nbd2 d6 10. Ne4 dxe5 11. dxe5 Ndb4 12. Bb1 Qxd1 13. Rxd1 Nd5 14. Bg5
Bxg5 15. Nexg5 h6 16. Ne4 Rd8 17. Nd6 Nxe5 18. Nxe5 Rxd6 19. Be4 b6 20. Nc4 Rd8
21. Ne3 Bb7 22. Rac1 Nxe3 23. Rxd8+ Rxd8 24. Bxb7 Rd1+ 25. Rxd1 Nxd1 26. b3 Nc3
27. a3 Nb5 28. a4 Nd4 29. b4 Nc2 30. b5 Nb4 31. Be4 Nd5 32. Kf1 Kf8 33. Ke1 Ke7
34. Kd2 Kd6 35. Kc2 Kc5 36. Kb3 Kd4 37. Bf3 Nf4 38. a5 Nd3 39. axb6 axb6 40.
Bc6 Nxf2 41. Be8 f6 42. Bh5 e5 43. Kc2 Ne4 44. Bf3 Nd6 45. Kb3 Nxb5 46. Kb4 Nd6
0-1

[Event "XIX Weekend B"]
[Site "Ceriano Laghetto ITA"]
[Date "2010.03.??"]
[Round "2"]
[White "Guglielmetti, Oscar"]
[Black "Lanni, Vincenzo"]
[Result "1/2-1/2"]
[WhiteElo "1772"]
[BlackElo "1818"]
[PlyCount "68"]
[EventDate "2010.03.26"]

1. Nf3 g6 2. g3 Bg7 3. Bg2 d6 4. d3 Nf6 5. Nc3 O-O 6. O-O c6 7. e4 e5 8. Bg5
Qc7 9. Qd2 Nbd7 10. h3 Nc5 11. Rae1 Ne6 12. Bh6 Qb6 13. Bxg7 Kxg7 14. Nd1 h6
15. c3 Nh7 16. Ne3 Neg5 17. g4 Ne6 18. Nc4 Qc7 19. d4 b5 20. Ne3 Nf4 21. dxe5
dxe5 22. Rd1 Ng5 23. Nxg5 hxg5 24. f3 Be6 25. Qd6 Rac8 26. a3 a5 27. Rd2 Qxd6
28. Rxd6 Rfd8 29. Rfd1 Rxd6 30. Rxd6 Rc7 31. Kf2 Kf6 32. Bf1 Ke7 33. Rd2 Rd7
34. Rxd7+ Kxd7 1/2-1/2

[Event "XIX Weekend B"]
[Site "Ceriano Laghetto ITA"]
[Date "2010.03.??"]
[Round "2"]
[White "Guzzetti, Luigi Enrico"]
[Black "Adami, Antonio"]
[Result "1-0"]
[WhiteElo "1879"]
[BlackElo "1675"]
[PlyCount "85"]
[EventDate "2010.03.26"]

1. e4 c5 2. Nf3 d6 3. d4 cxd4 4. Nxd4 Nf6 5. Nc3 a6 6. Be2 e5 7. Nb3 Be7 8. Be3
b5 9. a3 O-O 10. f3 Be6 11. O-O Nbd7 12. Nd5 Nxd5 13. exd5 Bf5 14. Qd2 Rc8 15.
Rac1 Bg6 16. Na5 Nb8 17. c4 bxc4 18. Rxc4 f5 19. Rfc1 Rxc4 20. Rxc4 f4 21. Bf2
Qd7 22. Nc6 Bf5 23. Bd3 Nxc6 24. dxc6 Qc7 25. Bxf5 Rxf5 26. Qd5+ Kf8 27. Rb4
Qc8 28. Ba7 e4 29. Qxe4 Rb5 30. Qxf4+ Ke8 31. Rxb5 axb5 32. Qe4 Qc7 33. Bd4 g6
34. Kf2 Qa5 35. Bf6 Qc7 36. Qxe7+ Qxe7 37. Bxe7 Kxe7 38. Ke3 Kd8 39. Kd4 Kc7
40. Kd5 h6 41. b3 g5 42. a4 bxa4 43. bxa4 1-0

[Event "XIX Weekend B"]
[Site "Ceriano Laghetto ITA"]
[Date "2010.03.??"]
[Round "2"]
[White "Lamera, Giuseppe"]
[Black "Galimberti, Maurizio"]
[Result "1/2-1/2"]
[WhiteElo "1432"]
[BlackElo "1716"]
[PlyCount "31"]
[EventDate "2010.03.26"]

1. e4 e6 2. f4 c5 3. Nf3 Nc6 4. Be2 b6 5. O-O Bb7 6. Nc3 g6 7. b3 Bg7 8. Bb2
Nge7 9. Rb1 O-O 10. Nb5 d5 11. Bxg7 Kxg7 12. e5 Nc8 13. d4 a6 14. Nc3 cxd4 15.
Nxd4 Nxd4 16. Qxd4 1/2-1/2

[Event "XIX Weekend B"]
[Site "Ceriano Laghetto ITA"]
[Date "2010.03.??"]
[Round "2"]
[White "Marchesotti, Giovanni"]
[Black "Ferraris, Fulvio"]
[Result "1/2-1/2"]
[WhiteElo "1619"]
[BlackElo "1726"]
[PlyCount "143"]
[EventDate "2010.03.26"]

1. c4 e6 2. g3 Nf6 3. Bg2 c6 4. e4 d5 5. cxd5 cxd5 6. exd5 Nxd5 7. Nc3 Nxc3 8.
dxc3 Qxd1+ 9. Kxd1 Bc5 10. Be3 Bxe3 11. fxe3 Nd7 12. Nf3 Nf6 13. Nd4 O-O 14.
Kc2 Nd5 15. Bxd5 exd5 16. Nf3 Re8 17. Rae1 Bf5+ 18. Kd2 Re7 19. Nd4 Bh3 20. Re2
Rae8 21. Rhe1 f5 22. Rf2 g6 23. Nf3 h6 24. Ng1 Bg4 25. h3 Bh5 26. Nf3 Bxf3 27.
Rxf3 Re4 28. Rf4 Kf7 29. Rxe4 Rxe4 30. Rf1 Kf6 31. Rf4 Re6 32. Rb4 b6 33. Kd3
Ke5 34. Rd4 b5 35. a4 Rb6 36. a5 Rc6 37. b4 a6 38. Rf4 g5 39. Rf1 Rc4 40. Rh1
f4 41. exf4+ gxf4 42. gxf4+ Kxf4 43. Rg1 Kf5 44. Rf1+ Ke5 45. Rf3 d4 46. cxd4+
Rxd4+ 47. Kc3 Rd6 48. Rg3 Kf4 49. Rg4+ Kf5 50. Rd4 Rc6+ 51. Kd3 h5 52. Rd5+ Kg6
53. h4 Re6 54. Rd4 Rc6 55. Rd5 Kh6 56. Rd4 Rg6 57. Ke3 Rg3+ 58. Ke4 Rc3 59.
Rd6+ Kg7 60. Ke5 Rc4 61. Rd4 Rc8 62. Rd7+ Kf8 63. Rh7 Rc4 64. Rxh5 Rxb4 65. Kf6
Rf4+ 66. Rf5 Rb4 67. Rd5 Kg8 68. Rd8+ Kh7 69. h5 Rf4+ 70. Kg5 Rf7 71. Ra8 Rg7+
72. Kh4 1/2-1/2

[Event "XIX Weekend B"]
[Site "Ceriano Laghetto ITA"]
[Date "2010.03.??"]
[Round "2"]
[White "Moroni, Luca jr"]
[Black "Regorda, Vittorio"]
[Result "1-0"]
[WhiteElo "1640"]
[BlackElo "1865"]
[PlyCount "91"]
[EventDate "2010.03.26"]

1. e4 d5 2. exd5 Qxd5 3. Nc3 Qa5 4. d4 Nf6 5. Bd2 Bg4 6. Be2 Bxe2 7. Qxe2 Qb6
8. Qb5+ Qxb5 9. Nxb5 Na6 10. c4 c6 11. Nc3 O-O-O 12. Nf3 e6 13. O-O Bb4 14.
Rfe1 h6 15. a3 Bxc3 16. Bxc3 Nc7 17. b4 Nd7 18. a4 Rhe8 19. Ne5 Nxe5 20. Rxe5
f6 21. Re2 Na8 22. b5 Kd7 23. bxc6+ Kxc6 24. Rae1 Nc7 25. f4 Kd7 26. Kf2 Ke7
27. Kf3 Kf7 28. g4 g5 29. f5 exf5 30. gxf5 h5 31. d5 Rxe2 32. Rxe2 Rd7 33. h3
Ne8 34. Re6 Rd6 35. Bb4 Rxe6 36. fxe6+ Kg7 37. c5 Nc7 38. e7 Kf7 39. d6 Ne6 40.
c6 Nd4+ 41. Ke4 Nxc6 42. d7 f5+ 43. Ke3 f4+ 44. Kf2 Nxe7 45. d8=Q Nc6 46. Qxg5
1-0

[Event "XIX Weekend B"]
[Site "Ceriano Laghetto ITA"]
[Date "2010.03.??"]
[Round "2"]
[White "Nardone, Massimo"]
[Black "Biava, Pierluigi"]
[Result "1-0"]
[WhiteElo "1925"]
[BlackElo "1792"]
[PlyCount "71"]
[EventDate "2010.03.26"]

1. d4 Nf6 2. Nf3 d5 3. e3 c6 4. Bd3 Bg4 5. Nbd2 Nbd7 6. h3 Bh5 7. e4 e5 8. exd5
Nxd5 9. O-O Be7 10. g4 Bg6 11. Nxe5 Nxe5 12. dxe5 Nf4 13. Qf3 Nxd3 14. cxd3
Qxd3 15. Qxd3 Bxd3 16. Re1 O-O-O 17. Nf1 h5 18. g5 h4 19. Be3 Kb8 20. a3 f6 21.
exf6 gxf6 22. Bxa7+ Kxa7 23. Rxe7 fxg5 24. Rae1 Bf5 25. Kg2 g4 26. hxg4 Bxg4
27. Rg7 Bc8 28. Rc7 Rd5 29. Nh2 Rd3 30. Ng4 Ka6 31. Ne5 Rdd8 32. Re4 h3+ 33.
Kh2 Rd2 34. Ra4+ Kb5 35. Ra5+ Kb6 36. Nc4+ 1-0